[Event "Euskadi-ch"]
[Site "Zornotza"]
[Date "2007.04.13"]
[Round "4"]
[White "Guilarte Simon, Ricardo"]
[Black "Diez Fraile, David"]
[Result "1-0"]
[WhiteElo "2133"]
[BlackElo "2131"]
[PlyCount "55"]
[EventDate "2007.04.10"]
[EventType "swiss"]
[EventRounds "7"]
[EventCountry "ESP"]
[SourceTitle "EXT 2008"]
[Source "ChessBase"]
[SourceDate "2007.11.25"]
[SourceVersion "1"]
[SourceVersionDate "2007.11.25"]
[SourceQuality "1"]

1. e4 c5 2. Nf3 d6 3. g3 Nc6 4. Bg2 g6 5. 0-0 Bg7 6. c3 Nf6 7. Re1 0-0 8. d4 Qc7 9. d5 Ne5 10. Nxe5 dxe5 11. c4 Ne8 12. Nc3 Nd6 13. Qe2 Bd7 14. Bd2 Rab8 15. Rab1 a6 16. Rec1 b5 17. cxb5 axb5 18. b3 Rb7 19. a4 bxa4 20. bxa4 Rfb8 21. Qd1 h5 22. Bf1 Kh7 23. Ba6 Rxb1 24. Rxb1 Rxb1 25. Qxb1 c4 26. Qb4 Qa7 27. Bb5 Qd4 28. Be3 1-0

[Event "Bizkaia-chA"]
[Site "Zornotza"]
[Date "2006.11.18"]
[Round "5"]
[White "Guilarte Simon, Ricardo"]
[Black "Trigo Urquijo, Sergio"]
[Result "0-1"]
[WhiteElo "2154"]
[BlackElo "2105"]
[PlyCount "132"]
[EventDate "2006.10.21"]
[EventType "swiss"]
[EventRounds "6"]
[EventCountry "ESP"]
[SourceTitle "EXT 2018"]
[Source "ChessBase"]
[SourceDate "2017.10.13"]
[SourceVersion "1"]
[SourceVersionDate "2017.10.13"]
[SourceQuality "1"]

1. e4 d6 2. d4 Nf6 3. Nc3 e5 4. Nf3 Nbd7 5. Bc4 Be7 6. Ng5 0-0 7. Bxf7+ Rxf7 8. Ne6 Qe8 9. Nxc7 Qd8 10. Nxa8 b5 11. 0-0 Bb7 12. dxe5 dxe5 13. Be3 Nxe4 14. Nxb5 Bxa8 15. Nxa7 Bg5 16. Qe2 Qb8 17. Rfd1 Bxe3 18. Qxe3 Nec5 19. b4 Qxb4 20. Rab1 Qg4 21. Qg3 Qe6 22. Qg5 h6 23. Qh4 Kh7 24. Rb4 Qg6 25. Qg3 Qxc2 26. Rf1 Qxa2 27. Nb5 Qd2 28. Rbb1 Ne4 29. Qe3 Rxf2 30. Qxd2 Rxd2 31. Nc7 Bc6 32. Rf7 Nc3 33. Re1 Rxg2+ 34. Kf1 Rg6 35. Rc1 Ne4 36. Rxc6 Rxc6 37. Rxd7 Nc5 38. Re7 Kg8 39. Ke2 Kf8 40. Nd5 Re6 41. Rc7 Na6 42. Rb7 Rd6 43. Ne7 Nc5 44. Rc7 Na6 45. Ra7 Nb4 46. Nf5 Rg6 47. Ke3 Nc6 48. Rc7 Nd4 49. Ng3 Ne6 50. Ra7 Ng5 51. Nf5 Rf6 52. Nxg7 Rf3+ 53. Ke2 Rh3 54. Nf5 Rxh2+ 55. Kf1 h5 56. Re7 e4 57. Re5 Kf7 58. Ng3 Kf6 59. Rf5+ Kg6 60. Re5 Rh4 61. Kf2 Rf4+ 62. Kg2 h4 63. Ne2 Rf3 64. Nd4 h3+ 65. Kg1 Rd3 66. Ne2 Nf3+ 0-1

[Event "Bizkaia-chA"]
[Site "Zornotza"]
[Date "2006.10.28"]
[Round "2"]
[White "Galarza Bilbao, Xabier"]
[Black "Guilarte Simon, Ricardo"]
[Result "0-1"]
[WhiteElo "2144"]
[BlackElo "2154"]
[PlyCount "66"]
[EventDate "2006.10.21"]
[EventType "swiss"]
[EventRounds "6"]
[EventCountry "ESP"]
[SourceTitle "EXT 2018"]
[Source "ChessBase"]
[SourceDate "2017.10.13"]
[SourceVersion "1"]
[SourceVersionDate "2017.10.13"]
[SourceQuality "1"]

1. d4 e6 2. c4 Nf6 3. Nc3 Bb4 4. Qb3 c5 5. dxc5 Nc6 6. Nf3 Ne4 7. Bd2 Nxd2 8. Nxd2 f5 9. e3 0-0 10. 0-0-0 Qa5 11. Be2 Bxc3 12. Qxc3 Nb4 13. Qb3 Nxa2+ 14. Kb1 Nb4 15. g4 Na6 16. gxf5 Nxc5 17. Qb5 Qxb5 18. cxb5 Rxf5 19. f4 d5 20. b4 Na4 21. Rc1 e5 22. Rc7 exf4 23. Rhc1 Rf8 24. exf4 Bf5+ 25. Ka2 Rac8 26. Nb3 Rxc7 27. Rxc7 Rf7 28. Rxf7 Kxf7 29. Nd4 Nc3+ 30. Kb3 Nxe2 31. Nxe2 Bd7 32. Nd4 Kg6 33. Kc3 Kh5 0-1